[Event "67th POL-ch"]
[Site "Warsaw POL"]
[Date "2011.02.15"]
[Round "4"]
[White "Socko, Bartosz"]
[Black "Piorun, Kacper"]
[Result "1-0"]
[WhiteElo "2660"]
[BlackElo "2513"]
[PlyCount "107"]
[EventDate "2011.02.12"]

1. d4 Nf6 2. c4 g6 3. Nc3 d5 4. Bf4 Bg7 5. e3 O-O 6. Rc1 Be6 7. c5 c6 8. Be2
Nbd7 9. h3 Ne4 10. Nf3 Nxc3 11. Rxc3 f6 12. O-O Bf7 13. b4 a6 14. Bg3 e5 15.
Qd2 Re8 16. a4 f5 17. Nxe5 Nxe5 18. Bxe5 Bxe5 19. dxe5 Rxe5 20. Bf3 Qf6 21. Qd4
Kg7 22. Ra1 Re7 23. Kf1 f4 24. Rd1 fxe3 25. fxe3 Rae8 26. Kf2 Re5 27. b5 axb5
28. axb5 Be6 29. bxc6 bxc6 30. Rb3 Bf5 31. Rb7+ R8e7 32. Rxe7+ Rxe7 33. Ra1 Be4
34. Ra6 Qxd4 35. exd4 Bxf3 36. gxf3 Re6 37. Ra7+ Kh6 38. h4 Rf6 39. Kg3 Rf5 40.
Rc7 Rf6 41. Kg4 Re6 42. Kf4 Rf6+ 43. Ke5 Rf5+ 44. Kd6 Rf4 45. Rxc6 Rxd4 46. Rb6
Rc4 47. Kxd5 Rc3 48. c6 Rd3+ 49. Kc4 Rxf3 50. c7 Rf4+ 51. Kd5 Rf5+ 52. Kc6 Rf6+
53. Kb7 Rf7 54. Rb5 1-0

[Event "67th POL-ch"]
[Site "Warsaw POL"]
[Date "2011.02.16"]
[Round "5"]
[White "Stoma, Pawel"]
[Black "Tazbir, Marcin"]
[Result "0-1"]
[WhiteElo "2342"]
[BlackElo "2527"]
[PlyCount "82"]
[EventDate "2011.02.12"]

1. e4 e5 2. Nf3 Nc6 3. Bb5 a6 4. Ba4 Nf6 5. d3 d6 6. c3 g6 7. O-O Bg7 8. Nbd2
O-O 9. Re1 b5 10. Bc2 d5 11. a4 b4 12. a5 Bb7 13. Nb3 Qd6 14. Bg5 h6 15. Be3
Nd7 16. Ra4 d4 17. Bd2 bxc3 18. bxc3 Rfd8 19. Qa1 Nf8 20. Rc4 Ne6 21. Bc1 dxc3
22. Qxc3 Na7 23. Be3 Nb5 24. Qd2 Na3 25. Rc3 Nd4 26. Nfxd4 exd4 27. Bxd4 Qb4
28. Bxg7 Kxg7 29. Nc5 Nc4 30. Qc1 Qxc3 31. dxc4 Bc8 32. Qa1 Qxa1 33. Rxa1 Rb8
34. Bd3 Rd6 35. h3 Rc6 36. Na4 Be6 37. c5 Rb4 38. Kh2 Bc4 39. Bxc4 Rxc4 40. f3
Re6 41. Kg3 Re8 0-1

[Event "67th POL-ch"]
[Site "Warsaw POL"]
[Date "2011.02.16"]
[Round "5"]
[White "Sadzikowski, Daniel"]
[Black "Pakleza, Zbigniew"]
[Result "1/2-1/2"]
[WhiteElo "2389"]
[BlackElo "2495"]
[PlyCount "104"]
[EventDate "2011.02.12"]

1. e4 d5 2. exd5 Nf6 3. Bb5+ Bd7 4. Be2 Nxd5 5. d4 Bf5 6. Nf3 e6 7. O-O Be7 8.
a3 O-O 9. c4 Nf6 10. Nc3 Ne4 11. Be3 c6 12. Nxe4 Bxe4 13. Bd3 Bxd3 14. Qxd3 Nd7
15. Rad1 Bf6 16. Bf4 Qa5 17. Bd6 Rfe8 18. Rfe1 Rad8 19. Ne5 Nb6 20. Bc7 Rc8 21.
Bxb6 Qxb6 22. Nd7 Qd8 23. Nxf6+ Qxf6 24. Qb3 Re7 25. d5 exd5 26. Rxe7 Qxe7 27.
cxd5 cxd5 28. Qxd5 g6 29. g3 Rc2 30. Qd8+ Qxd8 31. Rxd8+ Kg7 32. Ra8 a6 33. b4
Rc3 34. Ra7 Rc7 35. Kf1 Kf6 36. Ke2 Ke5 37. Kd3 Rd7+ 38. Kc3 Ke4 39. a4 Rc7+
40. Kb3 Kd4 41. a5 f5 42. f4 h6 43. b5 axb5 44. a6 Rc3+ 45. Kb2 Rc6 46. axb7
Rb6 47. Ra6 Rxb7 48. Rxg6 Rh7 49. Kb3 h5 50. h4 Ke4 51. Kb4 Rb7 52. Rg5 Kf3
1/2-1/2

[Event "67th POL-ch"]
[Site "Warsaw POL"]
[Date "2011.02.16"]
[Round "5"]
[White "Jakubowski, Krzysztof"]
[Black "Kanarek, Marcel"]
[Result "0-1"]
[WhiteElo "2502"]
[BlackElo "2405"]
[PlyCount "55"]
[EventDate "2011.02.12"]

1. d4 Nf6 2. c4 g6 3. Nc3 Bg7 4. e4 d6 5. Be2 O-O 6. g4 Nfd7 7. h4 Nc6 8. d5
Nd4 9. f4 e6 10. dxe6 Nxe6 11. h5 Nec5 12. hxg6 fxg6 13. Nh3 Bxc3+ 14. bxc3 Nf6
15. Ng5 Qe7 16. Bf3 Ncxe4 17. Bxe4 Bxg4 18. Qb3 Bf5 19. c5+ d5 20. Ba3 c6 21.
O-O-O Bxe4 22. Rde1 Rae8 23. Bb2 Qc7 24. Rh4 Bf5 25. Reh1 Re2 26. c4 Qe7 27.
Be5 Rc2+ 28. Kd1 0-1

[Event "67th POL-ch"]
[Site "Warsaw POL"]
[Date "2011.02.16"]
[Round "5"]
[White "Swiercz, Dariusz"]
[Black "Kempinski, Robert"]
[Result "1/2-1/2"]
[WhiteElo "2540"]
[BlackElo "2600"]
[PlyCount "68"]
[EventDate "2011.02.12"]

1. e4 c5 2. Nf3 d6 3. d4 cxd4 4. Nxd4 Nc6 5. Nc3 e5 6. Ndb5 a6 7. Na3 Be7 8.
Nc4 b5 9. Ne3 Nf6 10. Bd3 O-O 11. O-O Nb4 12. Be2 Be6 13. a3 Nc6 14. Ned5 Nd4
15. Nxe7+ Qxe7 16. Bd3 h6 17. Be3 Nc6 18. Be2 Na5 19. b3 Qc7 20. Nd5 Bxd5 21.
exd5 Nb7 22. a4 b4 23. Qd2 a5 24. f3 Nc5 25. Rac1 Nfd7 26. Bb5 Rac8 27. Rfe1 f5
28. Bf2 Kh8 29. Qd1 Qd8 30. c3 bxc3 31. Rxc3 e4 32. f4 Nf6 33. h3 Rf7 34. Be3
Rfc7 1/2-1/2

[Event "67th POL-ch"]
[Site "Warsaw POL"]
[Date "2011.02.16"]
[Round "5"]
[White "Jaracz, Pawel"]
[Black "Socko, Bartosz"]
[Result "1/2-1/2"]
[WhiteElo "2543"]
[BlackElo "2660"]
[PlyCount "61"]
[EventDate "2011.02.12"]

1. e4 e6 2. d4 d5 3. Nd2 c5 4. exd5 exd5 5. Ngf3 Nf6 6. Bb5+ Bd7 7. Bxd7+ Nbxd7
8. O-O Be7 9. dxc5 Nxc5 10. Nd4 Qd7 11. N2b3 Nce4 12. f3 Nd6 13. Nc5 Qc8 14.
Nd3 O-O 15. Be3 Re8 16. Re1 Bd8 17. Bf2 Rxe1+ 18. Qxe1 Bb6 19. Qd2 Qc7 20. Re1
Nc4 21. Qe2 h6 22. Qe7 Qxe7 23. Rxe7 Kf8 24. Re2 Re8 25. Rxe8+ Nxe8 26. Nf5
Bxf2+ 27. Kxf2 h5 28. Ne3 Nb6 29. Nf4 Nf6 30. Nf5 Nc8 31. Ke3 1/2-1/2

[Event "67th POL-ch"]
[Site "Warsaw POL"]
[Date "2011.02.17"]
[Round "6"]
[White "Tazbir, Marcin"]
[Black "Sadzikowski, Daniel"]
[Result "1-0"]
[WhiteElo "2527"]
[BlackElo "2389"]
[PlyCount "87"]
[EventDate "2011.02.12"]

1. c4 Nf6 2. Nc3 e5 3. g3 Bb4 4. Bg2 O-O 5. Nf3 Re8 6. O-O e4 7. Nd4 Nc6 8. Nc2
Bxc3 9. bxc3 d6 10. Ne3 Be6 11. d3 exd3 12. exd3 d5 13. Qb3 Na5 14. Qa4 b6 15.
Ba3 c5 16. Rad1 Rc8 17. cxd5 Nxd5 18. Qc2 Qd7 19. Rfe1 Red8 20. Bc1 Qc7 21. Bb2
Nc6 22. Ba1 h6 23. Qb2 Nf6 24. h3 Qd7 25. Kh2 Ne7 26. Qe2 Nc6 27. f4 Re8 28.
Qf2 Bd5 29. Bf1 Ne7 30. d4 c4 31. Nxd5 Nfxd5 32. Bg2 f6 33. Qf3 Rcd8 34. Bb2
Nc7 35. d5 Qd6 36. Qh5 Kf8 37. Rd4 b5 38. a4 a6 39. Ra1 a5 40. axb5 Nxb5 41.
Rxc4 Qb6 42. Rca4 Nd6 43. Ba3 Qb3 44. Qd1 1-0

[Event "67th POL-ch"]
[Site "Warsaw POL"]
[Date "2011.02.17"]
[Round "6"]
[White "Kempinski, Robert"]
[Black "Piorun, Kacper"]
[Result "1-0"]
[WhiteElo "2600"]
[BlackElo "2513"]
[PlyCount "119"]
[EventDate "2011.02.12"]

1. d4 Nf6 2. c4 e6 3. Nf3 d5 4. e3 Nbd7 5. Nbd2 a6 6. b3 b6 7. Bd3 Bb7 8. O-O
Bd6 9. Qc2 O-O 10. e4 dxe4 11. Nxe4 Nxe4 12. Bxe4 Bxe4 13. Qxe4 Nf6 14. Qe2 c5
15. Bb2 Qe7 16. Rad1 cxd4 17. Nxd4 Qc7 18. h3 Rad8 19. Rd3 Bc5 20. Qf3 Rd7 21.
Rfd1 Rfd8 22. Ne2 Rxd3 23. Rxd3 Rxd3 24. Qxd3 Qd7 25. Nf4 Qxd3 26. Nxd3 Nd7 27.
Nxc5 bxc5 28. f4 f6 29. Kf2 Kf7 30. Ke3 Ke7 31. Ke4 g6 32. g4 Kd6 33. Bc3 Kc6
34. a3 Kd6 35. b4 f5+ 36. gxf5 exf5+ 37. Kd3 Kc6 38. Bd2 Nf6 39. Be3 cxb4 40.
axb4 Ne4 41. Kd4 Kd6 42. b5 axb5 43. cxb5 Nc5 44. Kc4 Nd7 45. Bd4 Ke6 46. h4
Kd6 47. Be5+ Ke6 48. Bc7 Nf8 49. b6 Kd7 50. Kd5 Ne6 51. Bd6 Nd8 52. Bc5 Nb7 53.
Bf2 Nd6 54. Bd4 Nf7 55. Bc5 Nd8 56. Ke5 Kc6 57. Be3 Nf7+ 58. Kf6 Nd6 59. Kg7
Nc4 60. Bf2 1-0

[Event "67th POL-ch"]
[Site "Warsaw POL"]
[Date "2011.02.17"]
[Round "6"]
[White "Stoma, Pawel"]
[Black "Dragun, Kamil"]
[Result "1-0"]
[WhiteElo "2342"]
[BlackElo "2432"]
[PlyCount "59"]
[EventDate "2011.02.12"]

1. e4 e5 2. Nf3 Nc6 3. Bb5 a6 4. Ba4 Nf6 5. d3 d6 6. c3 g6 7. O-O Bg7 8. Nbd2
O-O 9. Re1 b5 10. Bc2 Bb7 11. a4 b4 12. a5 Rb8 13. Nc4 Re8 14. Bb3 h6 15. Ne3
bxc3 16. bxc3 Na7 17. Bd2 d5 18. exd5 Nxd5 19. Ng4 Nf4 20. Nfxe5 Bxe5 21. Rxe5
Rxe5 22. Bxf4 Re7 23. Nxh6+ Kg7 24. Ng4 Qe8 25. Qd2 Qc6 26. f3 Rbe8 27. Bg5 Re2
28. Qf4 Qd7 29. Bf6+ Kg8 30. Bd4 1-0

[Event "67th POL-ch"]
[Site "Warsaw POL"]
[Date "2011.02.17"]
[Round "6"]
[White "Pakleza, Zbigniew"]
[Black "Jakubowski, Krzysztof"]
[Result "0-1"]
[WhiteElo "2495"]
[BlackElo "2502"]
[PlyCount "114"]
[EventDate "2011.02.12"]

1. d4 f5 2. c4 Nf6 3. Nc3 e6 4. Nf3 Bb4 5. Qb3 Bxc3+ 6. Qxc3 b6 7. Bg5 Bb7 8.
g3 O-O 9. Bg2 Qe8 10. Bxf6 Rxf6 11. Nh4 Bxg2 12. Nxg2 Nc6 13. Nf4 Rh6 14. O-O-O
a5 15. Kb1 e5 16. dxe5 Nxe5 17. Rd5 d6 18. f3 Qc6 19. Nd3 Qxc4 20. Qxc4 Nxc4
21. Rxf5 Re8 22. Nf4 Ne3 23. Rb5 d5 24. Nxd5 c6 25. Nc7 Re7 26. Rb3 Nf5 27. g4
Ng3 28. Rd1 Nxe2 29. Na6 c5 30. g5 Rhe6 31. Rbd3 Nd4 32. b4 axb4 33. Nxb4 Re2
34. Nd5 R7e5 35. Nxb6 Rxg5 36. R3d2 Re3 37. f4 Rf5 38. Rc1 h5 39. Nc4 Re6 40.
Rf2 Ne2 41. Rcf1 Re4 42. Nd6 Rb4+ 43. Kc2 Nd4+ 44. Kc1 Rd5 45. Ne4 Rc4+ 46. Kb1
Nb5 47. Nd2 Rb4+ 48. Ka1 c4 49. Rb1 Ra4 50. Ne4 Ra5 51. Ng5 c3 52. Re2 Ra8 53.
Rbe1 Rdd8 54. Rc2 Rdc8 55. Re4 Na3 56. Rc1 Rab8 57. Ra4 Rb1+ 0-1

[Event "67th POL-ch"]
[Site "Warsaw POL"]
[Date "2011.02.17"]
[Round "6"]
[White "Markowski, Tomasz"]
[Black "Staniszewski, Piotr"]
[Result "1-0"]
[WhiteElo "2625"]
[BlackElo "2407"]
[PlyCount "89"]
[EventDate "2011.02.12"]

1. Nf3 c5 2. c4 g6 3. g3 Bg7 4. Bg2 Nc6 5. Nc3 d6 6. O-O Nf6 7. d4 cxd4 8. Nxd4
Bd7 9. Nxc6 bxc6 10. Bf4 O-O 11. Qd2 Re8 12. Rac1 Rb8 13. h3 Qa5 14. b3 Qh5 15.
g4 Qa5 16. c5 Qxc5 17. Nd5 Qxd5 18. Bxd5 Nxd5 19. Bg3 Nf6 20. f3 c5 21. Rxc5
dxc5 22. Bxb8 Rxb8 23. g5 Bxh3 24. gxf6 exf6 25. Rc1 Bf8 26. Qa5 Rb7 27. Qa6
Rd7 28. Kf2 Kg7 29. Rc3 Bf5 30. Re3 Be7 31. Qc6 Kf8 32. Rd3 Rxd3 33. exd3 h5
34. Qa8+ Kg7 35. Qxa7 Bd6 36. Qb6 Be5 37. Qxc5 Bxd3 38. f4 Bb8 39. Qb6 Bxf4 40.
Qd4 Bb1 41. Qxf4 Bxa2 42. Qf3 g5 43. Qd3 h4 44. Qc2 Bxb3 45. Qxb3 1-0

[Event "67th POL-ch"]
[Site "Warsaw POL"]
[Date "2011.02.17"]
[Round "6"]
[White "Gajewski, Grzegorz"]
[Black "Krysztofiak, Marcin"]
[Result "1/2-1/2"]
[WhiteElo "2569"]
[BlackElo "2449"]
[PlyCount "111"]
[EventDate "2011.02.12"]

1. d4 d5 2. c4 e6 3. Nc3 Be7 4. cxd5 exd5 5. Bf4 c6 6. Qc2 g6 7. e3 Bf5 8. Bd3
Bxd3 9. Qxd3 Bd6 10. O-O-O Bxf4 11. exf4 Ne7 12. Nf3 Qd6 13. g3 Nd7 14. h4 h5
15. Ne5 Nxe5 16. fxe5 Qe6 17. Ne2 Qf5 18. Qe3 Rc8 19. b3 b6 20. Kb2 c5 21. f3
O-O 22. g4 hxg4 23. fxg4 Qxg4 24. h5 Nf5 25. Qf2 cxd4 26. Nf4 Ne3 27. Rd2 g5
28. Rg1 Qf5 29. Nxd5 Qxf2 30. Ne7+ Kh7 31. Rxf2 Rc7 32. Nf5 Nxf5 33. Rxf5 Rg8
34. Rfxg5 Rxg5 35. Rxg5 Kh6 36. Rg4 Kxh5 37. Rxd4 Kg5 38. Rd8 Re7 39. Kc3 Rxe5
40. Rd7 f5 41. Rxa7 f4 42. Kd4 Re2 43. a4 f3 44. Rf7 Kg4 45. b4 f2 46. Kc4 Kg3
47. Kb5 Re4 48. Rxf2 Kxf2 49. a5 bxa5 50. bxa5 Ke3 51. a6 Kd4 52. a7 Re8 53.
Kc6 Kc4 54. Kb7 Re7+ 55. Kb6 Rxa7 56. Kxa7 1/2-1/2

[Event "67th POL-ch"]
[Site "Warsaw POL"]
[Date "2011.02.17"]
[Round "6"]
[White "Miton, Kamil"]
[Black "Swiercz, Dariusz"]
[Result "0-1"]
[WhiteElo "2616"]
[BlackElo "2540"]
[PlyCount "100"]
[EventDate "2011.02.12"]

1. Nf3 d5 2. d4 Nf6 3. c4 e6 4. Nc3 Bb4 5. Qa4+ Nc6 6. Bg5 h6 7. Bxf6 Qxf6 8.
e3 O-O 9. cxd5 exd5 10. Be2 Be6 11. O-O a6 12. a3 Bd6 13. b4 Ne7 14. Qb3 b6 15.
b5 axb5 16. Nxb5 Bd7 17. Nxd6 Qxd6 18. Rfc1 Ra7 19. Qb4 Qxb4 20. axb4 Rfa8 21.
Rxa7 Rxa7 22. Kf1 Kf8 23. Ke1 f6 24. Nd2 Ke8 25. b5 Bf5 26. g4 Bh7 27. Nf1 g5
28. Ng3 Bg6 29. Bd1 Kd8 30. Bc2 Be8 31. Bd3 Ra3 32. Kd2 Ra5 33. Nf5 Nxf5 34.
gxf5 Ra2+ 35. Rc2 Rxc2+ 36. Kxc2 Bh5 37. Kd2 Bg4 38. Ke1 Ke7 39. Kd2 Kd6 40.
Kc3 Kd7 41. Kd2 Ke7 42. Ke1 Bf3 43. Kd2 g4 44. Bc2 h5 45. Bb1 Kf8 46. Bc2 Kg7
47. e4 Bxe4 48. Bxe4 dxe4 49. Ke3 Kf7 50. Kxe4 Ke7 0-1

[Event "67th POL-ch"]
[Site "Warsaw POL"]
[Date "2011.02.17"]
[Round "6"]
[White "Mista, Aleksander"]
[Black "Jaracz, Pawel"]
[Result "0-1"]
[WhiteElo "2565"]
[BlackElo "2543"]
[PlyCount "120"]
[EventDate "2011.02.12"]

1. e4 c6 2. d4 d5 3. Nd2 dxe4 4. Nxe4 Bf5 5. Ng3 Bg6 6. h4 h6 7. Nf3 Nd7 8. h5
Bh7 9. Bd3 Bxd3 10. Qxd3 e6 11. Bd2 Ngf6 12. O-O-O Be7 13. Kb1 O-O 14. Ne4 Nxe4
15. Qxe4 Nf6 16. Qe2 Qd5 17. Ne5 Qe4 18. Qxe4 Nxe4 19. Be3 Rfd8 20. g4 c5 21.
f3 cxd4 22. Bxd4 Bc5 23. Bxc5 Nxc5 24. c3 f6 25. Ng6 Kf7 26. Kc2 e5 27. Nh4 Ne6
28. Nf5 b6 29. a4 Ng5 30. Rhf1 g6 31. Nd6+ Ke7 32. f4 exf4 33. Rfe1+ Kf8 34.
hxg6 Kg7 35. Nf5+ Kxg6 36. Re7 Nf7 37. Rh1 Rf8 38. Rh5 Rae8 39. Rxa7 Ra8 40.
Rb7 Rxa4 41. b4 Ra1 42. Ne7+ Kg7 43. Nd5 f3 44. Rf5 f2 45. Ne3 Re8 46. Nd1 Rxd1
47. Kxd1 Re1+ 48. Kd2 f1=Q 49. Rxf1 Rxf1 50. Rxb6 Ne5 51. Rb7+ Kg6 52. Rc7 Rf2+
53. Kc1 Kg5 54. b5 Nd3+ 55. Kd1 Rb2 56. c4 Kf4 57. Re7 Kxg4 58. Re2 Rxe2 59.
Kxe2 Ne5 60. c5 Kf5 0-1

[Event "67th POL-ch"]
[Site "Warsaw POL"]
[Date "2011.02.17"]
[Round "6"]
[White "Bartel, Mateusz"]
[Black "Macieja, Bartlomiej"]
[Result "1-0"]
[WhiteElo "2617"]
[BlackElo "2636"]
[PlyCount "71"]
[EventDate "2011.02.12"]

1. d4 Nf6 2. c4 e6 3. Nf3 d5 4. Bg5 h6 5. Bxf6 Qxf6 6. Nc3 Bb4 7. e3 O-O 8. Be2
dxc4 9. O-O b6 10. Ne5 Bb7 11. f4 Qe7 12. Bf3 c6 13. Qc2 Bxc3 14. bxc3 c5 15.
f5 Bxf3 16. Rxf3 Nd7 17. Nxd7 Qxd7 18. f6 e5 19. Raf1 g6 20. Rh3 Qg4 21. Rg3
Qh5 22. d5 Rfe8 23. e4 Kh7 24. Qd2 g5 25. Rf5 Rg8 26. Rxe5 Qg6 27. Rexg5 Qxg5
28. Rxg5 Rxg5 29. d6 Rd8 30. d7 b5 31. Qd6 b4 32. Qe7 bxc3 33. Qxd8 c2 34. Qh8+
Kxh8 35. d8=Q+ Kh7 36. Qd2 1-0

[Event "67th POL-ch"]
[Site "Warsaw POL"]
[Date "2011.02.18"]
[Round "7"]
[White "Jakubowski, Krzysztof"]
[Black "Stoma, Pawel"]
[Result "1-0"]
[WhiteElo "2502"]
[BlackElo "2342"]
[PlyCount "81"]
[EventDate "2011.02.12"]

1. e4 c6 2. d4 d5 3. Nd2 dxe4 4. Nxe4 Bf5 5. Ng3 Bg6 6. h4 h6 7. Nf3 Nd7 8. h5
Bh7 9. Bd3 Bxd3 10. Qxd3 e6 11. Bd2 Ngf6 12. O-O-O Be7 13. Kb1 O-O 14. Ne4 Nxe4
15. Qxe4 Nf6 16. Qe2 Qd5 17. Ne5 Qe4 18. Qxe4 Nxe4 19. Be3 c5 20. g4 Rfd8 21.
f3 cxd4 22. Bxd4 Bc5 23. Bxc5 Nxc5 24. c3 f6 25. Ng6 e5 26. Ne7+ Kf7 27. Nf5 b6
28. Kc2 Ne6 29. a4 Nc7 30. Rhe1 Nd5 31. Rd2 Ne7 32. Red1 Rxd2+ 33. Rxd2 Nxf5
34. gxf5 Ke7 35. b4 Rd8 36. Rxd8 Kxd8 37. b5 Kc7 38. c4 Kd7 39. Kc3 Kc7 40. Kb4
Kb7 41. c5 1-0

[Event "67th POL-ch"]
[Site "Warsaw POL"]
[Date "2011.02.18"]
[Round "7"]
[White "Sadzikowski, Daniel"]
[Black "Dragun, Kamil"]
[Result "1-0"]
[WhiteElo "2389"]
[BlackElo "2432"]
[PlyCount "61"]
[EventDate "2011.02.12"]

1. e4 e5 2. Nf3 Nc6 3. Bb5 a6 4. Ba4 Nf6 5. O-O Be7 6. Re1 b5 7. Bb3 d6 8. c3
O-O 9. h3 a5 10. d4 a4 11. Bc2 Re8 12. Nbd2 Bf8 13. Nf1 h6 14. Ng3 Bd7 15. Nh2
a3 16. b3 b4 17. d5 Ne7 18. c4 c6 19. Qf3 cxd5 20. exd5 Ng6 21. Ng4 Be7 22. Nf5
Bxf5 23. Qxf5 Nxg4 24. Qxg4 Bg5 25. Bxg5 hxg5 26. Bxg6 fxg6 27. h4 Rf8 28. Qe6+
Kh7 29. hxg5 Rf5 30. Re3 Rxg5 31. g4 1-0

[Event "67th POL-ch"]
[Site "Warsaw POL"]
[Date "2011.02.18"]
[Round "7"]
[White "Staniszewski, Piotr"]
[Black "Pakleza, Zbigniew"]
[Result "1/2-1/2"]
[WhiteElo "2407"]
[BlackElo "2495"]
[PlyCount "60"]
[EventDate "2011.02.12"]

1. d4 d6 2. Nf3 Bg4 3. c4 Nd7 4. Nc3 e5 5. g3 c6 6. Bg2 Ngf6 7. d5 c5 8. Nh4
Nb6 9. O-O Qd7 10. Qd3 Be7 11. e4 Bh3 12. Nf5 Bxf5 13. exf5 Na4 14. Nd1 Qc7 15.
f4 Nd7 16. b3 Nab6 17. Nc3 Bf6 18. Nb5 Qb8 19. Bd2 O-O 20. Rae1 a6 21. Nc3 exf4
22. gxf4 Bd4+ 23. Kh1 Qd8 24. Ne4 Nc8 25. b4 b6 26. Ng5 Ra7 27. a3 h6 28. Nf3
Bf6 29. Be3 Rc7 30. Nd2 Re8 1/2-1/2

[Event "67th POL-ch"]
[Site "Warsaw POL"]
[Date "2011.02.18"]
[Round "7"]
[White "Krysztofiak, Marcin"]
[Black "Tazbir, Marcin"]
[Result "1/2-1/2"]
[WhiteElo "2449"]
[BlackElo "2527"]
[PlyCount "50"]
[EventDate "2011.02.12"]

1. Nf3 Nf6 2. c4 g6 3. g3 d5 4. cxd5 Nxd5 5. Bg2 Bg7 6. O-O O-O 7. Nc3 c5 8.
Nxd5 Qxd5 9. d3 Nc6 10. Be3 Bxb2 11. Rb1 Bg7 12. Qa4 Qd6 13. Rfc1 Nd4 14. Nxd4
cxd4 15. Bf4 Qe6 16. Kf1 h6 17. Qb3 g5 18. Qxe6 Bxe6 19. Bc7 Bxa2 20. Ra1 Be6
21. Bxb7 Rae8 22. Bc6 Rc8 23. Bb7 Rce8 24. Bc6 Rc8 25. Bb7 Rce8 1/2-1/2

[Event "67th POL-ch"]
[Site "Warsaw POL"]
[Date "2011.02.18"]
[Round "7"]
[White "Piorun, Kacper"]
[Black "Gajewski, Grzegorz"]
[Result "1/2-1/2"]
[WhiteElo "2513"]
[BlackElo "2569"]
[PlyCount "119"]
[EventDate "2011.02.12"]

1. e4 c5 2. Nf3 d6 3. d4 cxd4 4. Nxd4 Nf6 5. Nc3 a6 6. h3 e6 7. g4 Be7 8. Be3
Nc6 9. g5 Nd7 10. h4 O-O 11. Qh5 Nxd4 12. Bxd4 b5 13. O-O-O b4 14. Ne2 Qa5 15.
Kb1 e5 16. Be3 Nc5 17. Nc1 Nxe4 18. Bd3 d5 19. f4 exf4 20. Bxf4 Bf5 21. Nb3 Qb6
22. Qf3 Qe6 23. Rhg1 Rae8 24. Nd4 Qc8 25. Be3 Bd7 26. h5 f5 27. Ne2 Bc5 28.
Bxc5 Qxc5 29. Bxe4 dxe4 30. Qg3 Ba4 31. b3 Bb5 32. Nf4 Qc3 33. Qxc3 bxc3 34. a4
Bc6 35. Rd6 Rc8 36. Rg3 Rfd8 37. Rxd8+ Rxd8 38. Rxc3 Rd6 39. Kc1 Kf7 40. Rc5
Bd7 41. c4 h6 42. gxh6 gxh6 43. Rc7 Ke7 44. Kc2 e3 45. c5 Rd2+ 46. Kc3 Kd8 47.
Ra7 Rd1 48. Rxa6 Rf1 49. Ne2 f4 50. Kd4 Bg4 51. Nxf4 Rxf4+ 52. Kxe3 Rf3+ 53.
Ke4 Rxb3 54. Rxh6 Rb4+ 55. Ke5 Rxa4 56. Rd6+ Ke7 57. h6 Kf7 58. c6 Kg8 59. Rg6+
Kh7 60. Rxg4 1/2-1/2

[Event "67th POL-ch"]
[Site "Warsaw POL"]
[Date "2011.02.18"]
[Round "7"]
[White "Macieja, Bartlomiej"]
[Black "Olszewski, Michal"]
[Result "0-1"]
[WhiteElo "2636"]
[BlackElo "2532"]
[PlyCount "86"]
[EventDate "2011.02.12"]

1. e4 c5 2. Nf3 d6 3. d4 cxd4 4. Qxd4 a6 5. c4 Nc6 6. Qe3 g6 7. h3 Bg7 8. Be2
Nf6 9. O-O O-O 10. Nc3 Nd7 11. Rd1 Nc5 12. Qg5 Bxc3 13. bxc3 Nxe4 14. Qh6 Qa5
15. Rb1 Be6 16. Re1 Nf6 17. Ng5 Bf5 18. Rxb7 Rab8 19. Rxb8 Rxb8 20. Nf3 Qxc3
21. Qe3 Qa5 22. a3 Qa4 23. c5 d5 24. Bf1 Rb3 25. Qh6 Qa5 26. Be3 Be4 27. Bd2
Qxa3 28. Ng5 Bf5 29. g4 Be4 30. Be3 Qb4 31. Ra1 Rb1 32. Rxb1 Qxb1 33. Nxe4 Nxe4
34. Kg2 a5 35. Qf4 e5 36. Qf3 a4 37. Bh6 Nd4 38. Qe3 Qb3 39. Bd3 a3 40. c6 Nxc6
41. Qc1 Qb2 42. Bxe4 Qxc1 43. Bxc1 a2 0-1

[Event "67th POL-ch"]
[Site "Warsaw POL"]
[Date "2011.02.18"]
[Round "7"]
[White "Bartel, Mateusz"]
[Black "Socko, Bartosz"]
[Result "1-0"]
[WhiteElo "2617"]
[BlackElo "2660"]
[PlyCount "137"]
[EventDate "2011.02.12"]

1. e4 e5 2. Nf3 Nc6 3. Bb5 a6 4. Ba4 Nf6 5. O-O Be7 6. d3 b5 7. Bb3 d6 8. a4
Rb8 9. axb5 axb5 10. c3 O-O 11. d4 exd4 12. cxd4 Bg4 13. Be3 d5 14. e5 Ne4 15.
h3 Bh5 16. g4 Bg6 17. Ne1 f5 18. Ng2 Nb4 19. Nc3 c6 20. Nf4 Qd7 21. Nxg6 hxg6
22. f3 Ng5 23. Kg2 Ne6 24. f4 Ra8 25. Rxa8 Rxa8 26. h4 Nf8 27. g5 Kf7 28. Ne2
Qe6 29. Ng3 Nd7 30. Bd2 Nb6 31. Qe1 Nd3 32. Qb1 c5 33. Qxd3 c4 34. Qf3 cxb3 35.
Qxb3 Nc4 36. Bc1 b4 37. Qd3 Bf8 38. Rf2 Ra2 39. h5 gxh5 40. Nxf5 Ra1 41. Rf1 g6
42. Nh6+ Ke8 43. f5 gxf5 44. Qxf5 Qxf5 45. Nxf5 b3 46. e6 Nd6 47. Ng3 Nb5 48.
g6 Nxd4 49. e7 Bg7 50. Nxh5 Ne6 51. Re1 Bd4 52. Rxe6 Rxc1 53. Ng3 Rc2+ 54. Kh3
Rf2 55. Nh5 Rf1 56. Re2 Rh1+ 57. Kg4 Rg1+ 58. Kf5 Bh8 59. Nf4 Rf1 60. Kg4 Rg1+
61. Kh3 Rd1 62. Kg2 Bf6 63. Nh5 Bd4 64. Ng3 Rg1+ 65. Kh2 Rxg3 66. Kxg3 Bg7 67.
Kf3 d4 68. Ke4 Kxe7 69. Kd3+ 1-0

[Event "67th POL-ch"]
[Site "Warsaw POL"]
[Date "2011.02.19"]
[Round "8"]
[White "Stoma, Pawel"]
[Black "Staniszewski, Piotr"]
[Result "0-1"]
[WhiteElo "2342"]
[BlackElo "2407"]
[PlyCount "88"]
[EventDate "2011.02.12"]

1. e4 e5 2. Nf3 Nc6 3. Bb5 a6 4. Ba4 Nf6 5. d3 d6 6. c3 g6 7. Nbd2 Bg7 8. O-O
O-O 9. Re1 Nd7 10. Bxc6 bxc6 11. Nc4 Nb6 12. Na5 c5 13. h3 Qe8 14. b4 Na4 15.
Qe2 f5 16. d4 fxe4 17. Qxe4 Bf5 18. Qh4 e4 19. Bd2 cxb4 20. cxb4 Qd7 21. Rxe4
Bxe4 22. Qxe4 d5 23. Qc2 Rxf3 24. gxf3 Bxd4 25. Rd1 Nb2 26. Be3 Bxe3 27. Qxb2
Bb6 28. Nc4 Qxh3 29. Nxb6 Qxf3 30. Re1 Qg4+ 31. Kf1 Qh3+ 32. Kg1 Qg4+ 33. Kf1
cxb6 34. Re7 Qd1+ 35. Kg2 Qg4+ 36. Kf1 Qc4+ 37. Kg1 d4 38. Rd7 Re8 39. Rxd4
Re1+ 40. Kh2 Re2 41. Qa1 Rxf2+ 42. Kg3 Qe2 43. Rd8+ Kf7 44. Rd7+ Ke6 0-1

[Event "67th POL-ch"]
[Site "Warsaw POL"]
[Date "2011.02.19"]
[Round "8"]
[White "Markowski, Tomasz"]
[Black "Piorun, Kacper"]
[Result "0-1"]
[WhiteElo "2625"]
[BlackElo "2513"]
[PlyCount "102"]
[EventDate "2011.02.12"]

1. c4 g6 2. g3 Bg7 3. Bg2 Nf6 4. Nc3 O-O 5. d3 d6 6. e4 c5 7. Nge2 Nc6 8. O-O
Rb8 9. Rb1 Ne8 10. Be3 Nc7 11. d4 cxd4 12. Nxd4 Ne6 13. Nde2 a6 14. a4 Ne5 15.
b3 a5 16. h3 Nc5 17. Qc2 b6 18. Rfd1 Bd7 19. f4 Nc6 20. Qa2 Qc8 21. Kh2 Rd8 22.
g4 Qb7 23. Ng3 Nb4 24. Nd5 Bc6 25. Qe2 e6 26. Nxb4 axb4 27. Bf2 Bc3 28. Bxc5
dxc5 29. e5 Bxg2 30. Qxg2 Qxg2+ 31. Kxg2 Bd2 32. Ne4 Bxf4 33. Nf6+ Kg7 34. Kf3
Rxd1 35. Rxd1 Bxe5 36. Nd7 Rd8 37. g5 Bc7 38. h4 h6 39. Rd3 hxg5 40. hxg5 Rh8
41. Kg4 Rh1 42. Nf6 Rg1+ 43. Kf3 Be5 44. Nd7 Rxg5 45. Nxb6 Rg3+ 46. Ke2 Rg2+
47. Kf3 Ra2 48. Rd7 g5 49. Ra7 Kg6 50. Nd7 Bd4 51. Nf8+ Kh5 0-1

[Event "67th POL-ch"]
[Site "Warsaw POL"]
[Date "2011.02.19"]
[Round "8"]
[White "Dragun, Kamil"]
[Black "Kanarek, Marcel"]
[Result "0-1"]
[WhiteElo "2432"]
[BlackElo "2405"]
[PlyCount "148"]
[EventDate "2011.02.12"]

1. e4 e5 2. Nf3 Nc6 3. Bb5 Nf6 4. d3 d6 5. c3 Bd7 6. Nbd2 g6 7. O-O Bg7 8. Re1
O-O 9. Nf1 Re8 10. Ba4 Rb8 11. Bb3 b5 12. Ne3 h6 13. h3 Na5 14. Bc2 c5 15. Nh2
Be6 16. Nhg4 Nc6 17. Qf3 h5 18. Nxf6+ Qxf6 19. Qe2 a5 20. Nd5 Qd8 21. Qf3 Bxd5
22. exd5 Ne7 23. Bd2 Qd7 24. a4 b4 25. cxb4 cxb4 26. Bb3 e4 27. dxe4 Bxb2 28.
Ra2 Bg7 29. Rc2 Rbc8 30. Rec1 Bd4 31. Rc4 Qa7 32. Bf4 Qb6 33. Bg3 Rxc4 34. Rxc4
Rc8 35. Qd3 Bc3 36. Rxc8+ Nxc8 37. Qc4 Ne7 38. Kf1 Be5 39. f4 Qe3 40. fxe5 Qxg3
41. e6 fxe6 42. dxe6 Kg7 43. Qd4+ Qe5 44. Qd3 g5 45. Kg1 h4 46. Qf3 Qa1+ 47.
Kh2 Qf6 48. Qh5 Ng6 49. Qe2 Nf4 50. Qb5 Kh6 51. Qf5 Nh5 52. Kg1 Qxf5 53. exf5
Kg7 54. g4 hxg3 55. e7 Nf6 56. Kg2 Ne8 57. Kxg3 Kf6 58. Kg4 Nc7 59. Ba2 d5 60.
Bb3 d4 61. Bc4 Ne8 62. Ba2 Nd6 63. Bb3 d3 64. Kf3 Kxe7 65. Ke3 Nxf5+ 66. Kxd3
Kd6 67. Kc4 Ke5 68. Ba2 Nd4 69. Bb1 Ne2 70. Bc2 Nf4 71. Kb5 Nxh3 72. Bd1 Kd6
73. Kxa5 Kc5 74. Ka6 Nf2 0-1